00698nam a2200217Ia 450000500170000000800410001702000150005808200210007310000110009410000150010524500600012026001080018030000160028865000170030465000100032165000180033165000130034994200060036295200970036899900150046520250129050123.0240331s9999 xx 000 0 und d a067469533X bSEN23924a304.6 aSen, G aSnow, R. C 0aPower and Decision:bThe Social Control of Reproduction aMassachusettsbDepartment of Population and International Health, Harvard School of Public Healthc1994 aii, 348 p., aReproduction aWomen aBirth Control aAbortion cL 001040708LaWERCLbWERCLcSSCd2024-03-31l0o 304.6 SENp3924r2024-03-31w2024-03-31yL c1409d1409